Introduction to algebraic and abelian functions /
Guardado en:
| Autor Principal: | |
|---|---|
| Formato: | Libro |
| Idioma: | English |
| Publicado: |
New York :
Springer-Verlag,
c1982.
|
| Edición: | 2nd ed. |
| Series: | Graduate texts in mathematics ;
89 |
| Materias: | |
| Etiquetas: |
Agregar Etiqueta
Sin Etiquetas, Sea el primero en etiquetar este registro!
|
| LEADER | 00750cam a2200241 a 4500 | ||
|---|---|---|---|
| 001 | MAT.inmabb004319 | ||
| 008 | 820415s1982####nyu######b####001#0#eng## | ||
| 005 | 20130314171547.0 | ||
| 245 | 1 | 0 | |a Introduction to algebraic and abelian functions / |c Serge Lang. |
| 250 | |a 2nd ed. | ||
| 260 | |a New York : |b Springer-Verlag, |c c1982. | ||
| 300 | |a ix, 169 p. ; |c 25 cm. | ||
| 440 | 0 | |a Graduate texts in mathematics ; |v 89 | |
| 504 | |a Bibliografía: p. [165] | ||
| 510 | 4 | |a MR, |c 84m:14032 | |
| 020 | |a 0387907106 | ||
| 100 | 1 | |a Lang, Serge, |d 1927-2005. | |
| 650 | 0 | |a Algebraic functions. | |
| 650 | 0 | |a Functions, Abelian. | |
| 084 | |a 14Hxx (14-01 14K20) |2 msc2000 | ||
| 010 | |a 82005733 | ||
| 040 | |a DLC |c DLC |d DLC | ||
| 859 | |h 14 |i L269-2 |p A-6313 |b BIB. MATEMATICA | ||
